Palomar pictorial (Record no. 4796)

MARC details
000 -LEADER
fixed length control field 00530nam a2200181Ia 4500
003 - CONTROL NUMBER IDENTIFIER
control field IN-BaIIA
008 - FIXED-LENGTH DATA ELEMENTS--GENERAL INFORMATION
fixed length control field 211028s9999 xx 000 0 eng d
040 ## - CATALOGING SOURCE
Transcribing agency IIA Library
080 ## - UNIVERSAL DECIMAL CLASSIFICATION NUMBER
Universal Decimal Classification number 520.2
Item number PAL
100 ## - MAIN ENTRY--PERSONAL NAME
Personal name Porter, R. W
9 (RLIN) 8529
245 #0 - TITLE STATEMENT
Title Palomar pictorial
Statement of responsibility, etc. R. W. Porter
260 ## - PUBLICATION, DISTRIBUTION, ETC.
Place of publication, distribution, etc. California
Name of publisher, distributor, etc. California Institute of Technology
Date of publication, distribution, etc. 1965
300 ## - PHYSICAL DESCRIPTION
Extent [various pagings.]
650 ## - SUBJECT ADDED ENTRY--TOPICAL TERM
Topical term or geographic name entry element  Telescope Mountings
9 (RLIN) 8530
650 ## - SUBJECT ADDED ENTRY--TOPICAL TERM
Topical term or geographic name entry element  Telescopes 
9 (RLIN) 8531
650 ## - SUBJECT ADDED ENTRY--TOPICAL TERM
Topical term or geographic name entry element Astronomy and Astrophysics Thesaurus 
9 (RLIN) 1143
942 ## - ADDED ENTRY ELEMENTS (KOHA)
Koha item type Books
Holdings
Withdrawn status Lost status Damaged status Not for loan Home library Current library Shelving location Date acquired Total Checkouts Full call number Barcode Date last seen Price effective from Koha item type
        IIA Library-Bangalore IIA Library-Kavalur General Stacks 04/11/1975   520.2/ PAL 5363 05/11/2021 04/11/1975 Books

Powered by Koha